| 000 | 00766cam a2200277 4500 | ||
|---|---|---|---|
| 001 | ABS65342 | ||
| 008 | 020415n2002 000 0 eng u | ||
| 035 | _a(Sirsi) u117469 | ||
| 245 | _aFocus 2002: North East | ||
| 260 | _c2002 | ||
| 490 |
_aEstates Gazette _v(0214) 6 April 2002, 59-93(12) |
||
| 590 | _aABS | ||
| 650 | _aNORTH EAST | ||
| 650 | _aNEWCASTLE | ||
| 650 | _aPROPERTY-COMMERCIAL PROPERTY-RETAIL PROPERTY-RETAIL PROPERTY MARKET | ||
| 650 | _aLEISURE MARKET | ||
| 650 | _aINDUSTRIAL MARKET | ||
| 650 | _aTEESSIDE | ||
| 650 | _aWEARSIDE | ||
| 650 | _aSUNDERLAND | ||
| 650 | _aSTOCKTON-ON-TEES | ||
| 650 | _aMIDDLESBROUGH | ||
| 650 | _aREGENERATION | ||
| 690 | _aPROPERTY-COMMERCIAL PROPERTY-COMMERCIAL PROPERTY MARKET | ||
| 942 | _n0 | ||
| 999 |
_c69978 _d69978 |
||